000 00759nam a2200229 i 4500
001 124699
003 ES-MaACL
005 20230906192457.0
007 t|
008 070418s1923 sp ||||1| spa d
080 _a821.134.2-22"18"
100 1 _aLópez Pinillos, José.
_973892
245 1 4 _aLos malcasados
_b: comedia en tres actos /
_cobra póstuma de J. López Pinillos (Parmeno).
260 _a[Madrid :
_bLa Novela Teatral,
_c1923]
300 _a12 h. ;
_c20 cm.
490 1 _aLa novela teatral ;
_v337
500 _aEn la cub. caricatura de Josefina Santaularia por Tovar.
700 0 _aTovar
_c, ilustrador.
_9157378
830 0 _aLa novela teatral ;
_v337
_9122427
852 _aES-MaACL
_j2216-F-25
_bR.138799
999 _c124699
_d124699